000 00960pam a2200325 a 4500
005 20260322212002.0
008 data
010 _a 89022016
020 _a0811426351
020 _a9780811426350
040 _aDLC
_cDLC
_dDLC
042 _alcac
050 0 0 _aQL544.2
_b.B35 1990
082 0 0 _a595.78/9
_220
092 _a595.78 B35 1990
100 1 _aBailey, Donna.
245 1 0 _aButterflies /
_cDonna Bailey, Christine Butterworth & Paula Chasty.
260 _aAustin, Tex. :
_bSteck-Vaughn,
_cc1990.
300 _a32 p. :
_bcol. ill. ;
_c21 cm.
490 1 _aAnimal world
500 _aIncludes index.
520 _aDiscusses the characteristics of several butterflies and the differences between moths and butterflies.
650 0 _aButterflies
_xJuvenile literature.
650 1 _aButterflies.
650 1 _aMoths.
700 1 _aButterworth, Christine.
700 1 _aChasty, Paula,
_eill.
830 0 _aAnimal world (Austin, Tex.)
001 data
999 _c4
_d4